LIBRARY ONLINE CATALOGUE

Management information systems / (Record no. 8870)

MARC details
000 -LEADER
fixed length control field 00715cam a22002292 4500
001 - CONTROL NUMBER
control field 0000019201
005 - DATE AND TIME OF LATEST TRANSACTION
control field 20151217152148.0
008 - FIXED-LENGTH DATA ELEMENTS--GENERAL INFORMATION
fixed length control field 101019s xx 000 0 eng d
020 ## - INTERNATIONAL STANDARD BOOK NUMBER
International Standard Book Number 0132050293
040 ## - CATALOGING SOURCE
Original cataloging agency KABU
Transcribing agency KABU
050 #0 - LIBRARY OF CONGRESS CALL NUMBER
Classification number T58.6
Item number .M35 2007
100 1# - MAIN ENTRY--PERSONAL NAME
Personal name McLeod, Raymond.
-- 0000156066
245 10 - TITLE STATEMENT
Title Management information systems /
Statement of responsibility, etc. Raymond McLeod, Jr., George Schell.
250 ## - EDITION STATEMENT
Edition statement 10th ed.
260 ## - PUBLICATION, DISTRIBUTION, ETC. (IMPRINT)
Place of publication, distribution, etc. Upper Saddle River, NJ :
Name of publisher, distributor, etc. Prentice Hall,
Date of publication, distribution, etc. c2007.
300 ## - PHYSICAL DESCRIPTION
Extent xxix, 447 p.
650 #0 - SUBJECT ADDED ENTRY--TOPICAL TERM
Topical term or geographic name as entry element Management information systems.
-- 0000148209
700 1# - ADDED ENTRY--PERSONAL NAME
Personal name Schell, George P.
-- 0000156067
852 1# - LOCATION
-- p6238.70 KES
908 ## - PUT COMMAND PARAMETER (RLIN)
Put command parameter 101019
950 ## - LOCAL HOLDINGS (RLIN)
-- 1
Holdings
Withdrawn status Lost status Source of classification or shelving scheme Not for loan Home library Current library Date acquired Total Checkouts Full call number Barcode Date last seen Price effective from Koha item type
    Library of Congress Classification   Kabarak, Main Campus Kabarak, Main Campus 17/12/2015   T58.6 .M35 2007 c. 1 23714 17/12/2015 17/12/2015 General Collection